[Event "LBN-ch"]
[Site "Beirut"]
[Date "2023.11.07"]
[Round "7"]
[White "Habash, Mohamad"]
[Black "Aoun, Karim"]
[Result "0-1"]
[WhiteElo "1842"]
[BlackElo "1376"]
[PlyCount "70"]
[EventDate "2023.10.30"]
[EventType "swiss"]
[EventRounds "9"]
[EventCountry "LBN"]
[SourceTitle "CB46_2023"]
[SourceDate "2023.11.15"]
[SourceVersion "1"]
[SourceVersionDate "2023.11.15"]
[SourceQuality "1"]

1. e4 c5 2. Nf3 d6 3. d4 cxd4 4. Nxd4 Nf6 5. Nc3 a6 6. Bg5 e6 7. f4 Be7 8. Qf3 Nbd7 9. 0-0-0 h6 10. Bh4 Rb8 11. g4 b5 12. Nc6 Qb6 13. Nxb8 Nxb8 14. Bd3 Bb7 15. Rhe1 Nc6 16. Bxf6 Bxf6 17. Nd5 exd5 18. exd5+ Ne7 19. Qh3 Qf2 20. Rf1 Qh4 21. Qf3 0-0 22. Be4 Ng6 23. Rd3 Nxf4 24. Re3 Bg5 25. Kb1 Qxh2 26. Qd1 Rc8 27. Ref3 Rc4 28. R1f2 Qh4 29. Rxf4 Bxf4 30. Rxf4 Bxd5 31. Bxd5 Rxf4 32. Qe2 Qxg4 33. Qe8+ Kh7 34. a3 Qd1+ 35. Ka2 Qxd5+ 0-1

[Event "Beirut op 11th"]
[Site "Beirut"]
[Date "2022.11.17"]
[Round "7"]
[White "Bazarbashian, Krikor"]
[Black "Habash, Mohamad"]
[Result "0-1"]
[WhiteElo "1450"]
[BlackElo "1774"]
[PlyCount "35"]
[EventDate "2022.11.12"]
[EventType "swiss"]
[EventRounds "9"]
[EventCountry "LBN"]
[SourceTitle "EXT 2024"]
[Source "ChessBase"]
[SourceDate "2023.10.10"]
[SourceVersion "1"]
[SourceVersionDate "2023.10.10"]
[SourceQuality "1"]

1. e4 e6 2. d4 d5 3. e5 c5 4. f4 Nc6 5. Bb5 Qa5+ 6. Nc3 Bd7 7. Bxc6 Bxc6 8. Nf3 Nh6 9. 0-0 Nf5 10. Kh1 Nxd4 11. Nxd4 cxd4 12. Nb1 Bb4 13. Rf3 Rc8 14. Nd2 Qa6 15. Rf2 d3 16. Nb3 Qb6 17. Rf3 dxc2 18. Qe1 0-1

[Event "Beirut op 11th"]
[Site "Beirut"]
[Date "2022.11.16"]
[Round "6"]
[White "Habash, Mohamad"]
[Black "Raetsky, Alexander"]
[Result "0-1"]
[WhiteElo "1774"]
[BlackElo "2372"]
[PlyCount "54"]
[EventDate "2022.11.12"]
[EventType "swiss"]
[EventRounds "9"]
[EventCountry "LBN"]
[SourceTitle "CBM 211 Extra"]
[Source "ChessBase"]
[SourceDate "2023.01.31"]
[SourceVersion "1"]
[SourceVersionDate "2023.01.31"]
[SourceQuality "1"]

1. Nf3 d5 2. c4 d4 3. b4 f6 4. e3 e5 5. c5 dxe3 6. fxe3 Be6 7. d4 e4 8. Nfd2 f5 9. Bc4 Bxc4 10. Nxc4 Nf6 11. 0-0 g6 12. Qa4+ Nbd7 13. d5 Bg7 14. Bb2 0-0 15. Qb3 a5 16. a3 a4 17. Qa2 b5 18. cxb6 cxb6 19. Nc3 Ng4 20. Ne2 Bxb2 21. Qxb2 Qc7 22. Nf4 Qxc4 23. Rac1 Qb3 24. Qxb3 axb3 25. Rc7 Nde5 26. Ne6 Rfc8 27. Rb7 Rcb8 0-1

[Event "Aegean op 45th"]
[Site "Aghios Kirykos"]
[Date "2022.07.11"]
[Round "3"]
[White "Gazis, Efstathios"]
[Black "Habash, Mohamad"]
[Result "1-0"]
[WhiteElo "2160"]
[BlackElo "1773"]
[PlyCount "67"]
[EventDate "2022.07.09"]
[EventType "swiss"]
[EventRounds "9"]
[EventCountry "GRE"]
[SourceTitle "CBM 209 Extra"]
[Source "ChessBase"]
[SourceDate "2022.09.30"]
[SourceVersion "1"]
[SourceVersionDate "2022.09.30"]
[SourceQuality "1"]

1. e4 e6 2. d4 d5 3. Nc3 Bb4 4. exd5 exd5 5. Bd3 Nf6 6. a3 Be7 7. Nge2 Bg4 8. Bf4 c6 9. Qd2 Nbd7 10. Ng3 Qb6 11. h3 Be6 12. Nf5 Bxf5 13. Bxf5 Qxb2 14. 0-0 Qb6 15. Rfe1 Kf8 16. Reb1 Qa6 17. Bd3 b5 18. a4 Ne4 19. Bxe4 b4 20. Nxd5 cxd5 21. Bxd5 Rc8 22. Rxb4 Nb6 23. Bb3 Qa5 24. Rb5 Qxd2 25. Bxd2 Bd6 26. a5 Nc4 27. Bb4 Bxb4 28. Rxb4 Nd6 29. c4 Ke7 30. c5 Ne8 31. Rb7+ Rc7 32. a6 Kd7 33. Rb8 f5 34. Ba4+ 1-0

[Event "Aley Hariri Rapid Cup"]
[Site "Aley"]
[Date "2021.03.20"]
[Round "3"]
[White "Habash, Mohamad"]
[Black "Khallouf, Abdallah"]
[Result "0-1"]
[WhiteElo "1810"]
[BlackElo "1685"]
[PlyCount "112"]
[EventDate "2021.03.20"]
[EventType "tourn (rapid)"]
[EventRounds "11"]
[EventCountry "LBN"]
[SourceTitle "EXT 2022"]
[Source "ChessBase"]
[SourceDate "2021.10.06"]
[SourceVersion "1"]
[SourceVersionDate "2021.10.06"]
[SourceQuality "1"]

1. e4 c6 2. d4 d5 3. Nc3 dxe4 4. Nxe4 Nf6 5. Nxf6+ exf6 6. Bc4 Na6 7. Nf3 Bd6 8. Qe2+ Qe7 9. Qxe7+ Bxe7 10. Bxa6 bxa6 11. Bf4 Be6 12. 0-0 0-0 13. c3 Bd5 14. Rfe1 Rfe8 15. Nd2 Rad8 16. Re3 Be6 17. Rae1 c5 18. Nf3 g5 19. Bg3 g4 20. Nd2 cxd4 21. cxd4 Rxd4 22. Nb3 Rd7 23. Bh4 Rc8 24. h3 gxh3 25. gxh3 Rc4 26. Bg3 Rc2 27. R1e2 Rd1+ 28. Kh2 Rxe2 29. Rxe2 Bf8 30. Bb8 Kg7 31. Rd2 Bxb3 32. Re2 Be6 33. a3 Rd8 34. Bf4 Bd6 35. Kg3 Bxf4+ 36. Kxf4 Rd4+ 37. Kg3 Rd3+ 38. Kg2 Bxh3+ 39. Kh2 Be6 40. Rc2 Rd7 41. Kg3 Kg6 42. Rc3 h5 43. f4 Bf5 44. Kf2 Rd2+ 45. Ke3 Rxb2 46. Rc1 Rb3+ 47. Kf2 Rxa3 48. Rc7 Ra2+ 49. Kg3 a5 50. Rc6 a4 51. Kh4 Ra3 52. Rc3 Ra2 53. Rg3+ Bg4 54. Rg2 Ra3 55. f5+ Kh6 56. Rxg4 hxg4 0-1

[Event "Beirut Christmas op 20th"]
[Site "Beirut"]
[Date "2018.12.28"]
[Round "5"]
[White "Asmar, Elie"]
[Black "Habash, Mohamad"]
[Result "1-0"]
[WhiteElo "2016"]
[BlackElo "1814"]
[PlyCount "62"]
[EventDate "2018.12.22"]
[EventType "swiss"]
[EventRounds "7"]
[EventCountry "LBN"]
[SourceTitle "CBM 188 Extra"]
[Source "ChessBase"]
[SourceDate "2019.02.26"]
[SourceVersion "1"]
[SourceVersionDate "2019.02.26"]
[SourceQuality "1"]

1. e4 c5 2. Nf3 Nc6 3. d4 cxd4 4. Nxd4 g6 5. c4 Nf6 6. f3 d6 7. Nc3 Bg7 8. Be3 0-0 9. Be2 Bd7 10. 0-0 Nxd4 11. Bxd4 Bc6 12. Qd2 a5 13. b3 Nd7 14. Be3 e6 15. Rac1 Nc5 16. Rfd1 Be5 17. g3 Qe7 18. Nb5 Rfd8 19. Nd4 h5 20. Nxc6 bxc6 21. f4 Nxe4 22. Qc2 Nc3 23. fxe5 Nxd1 24. Rxd1 d5 25. Qc1 Rd7 26. Bg5 Qf8 27. Bf6 Kh7 28. g4 hxg4 29. Bxg4 Qh6 30. Bg5 Qf8 31. Qe3 d4 1-0

[Event "Beirut Christmas op 20th"]
[Site "Beirut"]
[Date "2018.12.27"]
[Round "4"]
[White "Habash, Mohamad"]
[Black "Saridar, Toufic"]
[Result "1-0"]
[WhiteElo "1814"]
[BlackElo "1528"]
[PlyCount "88"]
[EventDate "2018.12.22"]
[EventType "swiss"]
[EventRounds "7"]
[EventCountry "LBN"]
[SourceTitle "CBM 188 Extra"]
[Source "ChessBase"]
[SourceDate "2019.02.26"]
[SourceVersion "1"]
[SourceVersionDate "2019.02.26"]
[SourceQuality "1"]

1. d4 Nf6 2. Nf3 c5 3. c3 d5 4. Bf4 Bf5 5. Nbd2 e6 6. e3 Be7 7. Bb5+ Nbd7 8. h3 a6 9. Ba4 b5 10. Bc2 Bxc2 11. Qxc2 cxd4 12. exd4 Nb6 13. Ne5 Rc8 14. Qd3 Nc4 15. Ndxc4 bxc4 16. Qg3 Nh5 17. Qg4 Nxf4 18. Qxf4 0-0 19. Qe3 f6 20. Nf3 e5 21. 0-0 e4 22. Nh2 f5 23. f4 g5 24. g3 Kh8 25. Kh1 Rg8 26. g4 gxf4 27. Qxf4 Rc6 28. Qe5+ Bf6 29. Qxf5 Rg5 30. Qf4 Rg6 31. Rf2 Re6 32. Raf1 Kg8 33. Qf5 Bg7 34. g5 e3 35. Re2 Qxg5 36. Qxg5 Rxg5 37. Ng4 h5 38. Rxe3 Reg6 39. Re8+ Kh7 40. Ne3 Rg3 41. Kh2 R3g5 42. Rf2 Bf6 43. h4 Rg1 44. Rxf6 Rxf6 1-0

[Event "Beirut op 9th"]
[Site "Beirut"]
[Date "2017.10.06"]
[Round "8"]
[White "Asmar, Elie"]
[Black "Habash, Mohamad"]
[Result "1/2-1/2"]
[WhiteElo "2061"]
[BlackElo "1834"]
[PlyCount "76"]
[EventDate "2017.09.30"]
[EventType "swiss"]
[EventRounds "9"]
[EventCountry "LBN"]
[SourceTitle "CBM 181 Extra"]
[Source "ChessBase"]
[SourceDate "2017.12.12"]
[SourceVersion "1"]
[SourceVersionDate "2017.12.12"]
[SourceQuality "1"]

1. e4 c5 2. Nf3 g6 3. d4 cxd4 4. Nxd4 Bg7 5. c4 Nc6 6. Be3 Nf6 7. Nc3 Ng4 8. Qxg4 Nxd4 9. Qd1 Nc6 10. Qd2 h6 11. Be2 d6 12. 0-0 Bd7 13. Rfd1 Rc8 14. Rac1 Ne5 15. b3 Bc6 16. Nd5 Bxd5 17. cxd5 a6 18. h3 g5 19. Qb4 0-0 20. Qxb7 f5 21. Rxc8 Qxc8 22. Qxc8 Rxc8 23. Rc1 Rxc1+ 24. Bxc1 fxe4 25. Bxa6 Nd7 26. Be3 Bc3 27. Kf1 Kf7 28. Ke2 Ne5 29. Bc8 Kf6 30. Bb6 Nd3 31. Ke3 Ke5 32. a4 Nb4 33. Bb7 Nc2+ 34. Ke2 Nd4+ 35. Bxd4+ Kxd4 36. Bc6 Bb4 37. Kd1 Kc3 38. Ke2 Kd4 1/2-1/2

[Event "Beirut op 9th"]
[Site "Beirut"]
[Date "2017.10.02"]
[Round "4"]
[White "Arcadan, Adib"]
[Black "Habash, Mohamad"]
[Result "1/2-1/2"]
[WhiteElo "1346"]
[BlackElo "1834"]
[PlyCount "69"]
[EventDate "2017.09.30"]
[EventType "swiss"]
[EventRounds "9"]
[EventCountry "LBN"]
[SourceTitle "CBM 181 Extra"]
[Source "ChessBase"]
[SourceDate "2017.12.12"]
[SourceVersion "1"]
[SourceVersionDate "2017.12.12"]
[SourceQuality "1"]

1. d4 d5 2. c4 Nf6 3. Nf3 e6 4. Bg5 Be7 5. e3 0-0 6. Bd3 Nbd7 7. Nbd2 c5 8. 0-0 h6 9. Bh4 b6 10. b3 Bb7 11. h3 g5 12. Bg3 Ne4 13. Bxe4 dxe4 14. Ne5 Nxe5 15. Bxe5 f6 16. Bg3 cxd4 17. Qg4 f5 18. Qh5 Kg7 19. Rad1 d3 20. f3 Qe8 21. Qxe8 Raxe8 22. fxe4 fxe4 23. Be5+ Bf6 24. Rxf6 Rxf6 25. Rf1 Ref8 26. Rxf6 Rxf6 27. Kh2 Kg6 28. Bxf6 Kxf6 29. g4 Ke5 30. Kg3 Kd6 31. b4 a5 32. a3 Bc6 33. Kf2 Ke5 34. Ke1 axb4 35. axb4 1/2-1/2

[Event "LIB-chT"]
[Site "Beirut"]
[Date "2017.09.09"]
[Round "4.1"]
[White "Saliba, Nicolas"]
[Black "Habash, Mohamad"]
[Result "1-0"]
[WhiteElo "1810"]
[BlackElo "1846"]
[PlyCount "50"]
[EventDate "2017.09.06"]
[EventType "team"]
[EventRounds "9"]
[EventCountry "LBN"]
[SourceTitle "CBM 180 Extra"]
[Source "ChessBase"]
[SourceDate "2017.10.06"]
[SourceVersion "1"]
[SourceVersionDate "2017.10.06"]
[SourceQuality "1"]
[WhiteTeam "Animation"]
[BlackTeam "Ahli Saida"]
[WhiteTeamCountry "LBN"]
[BlackTeamCountry "LBN"]

1. d4 Nf6 2. c4 e6 3. Nf3 b6 4. a3 Bb7 5. Nc3 Be7 6. d5 exd5 7. cxd5 d6 8. g3 0-0 9. Bg2 Nbd7 10. 0-0 Re8 11. Nd4 Ne5 12. b4 a6 13. a4 Bf8 14. Bb2 g6 15. Qb3 Bg7 16. Ne6 Qe7 17. Nxg7 Kxg7 18. f4 Ned7 19. Ne4 Kg8 20. Qc3 Kg7 21. g4 Bxd5 22. Nxf6 Nxf6 23. Bxd5 c6 24. Bxc6 Rac8 25. b5 Qe6 1-0

[Event "LIB-chT"]
[Site "Beirut"]
[Date "2017.09.06"]
[Round "1.4"]
[White "Abi Rached, Joseph"]
[Black "Habash, Mohamad"]
[Result "0-1"]
[WhiteElo "1525"]
[BlackElo "1846"]
[PlyCount "114"]
[EventDate "2017.09.06"]
[EventType "team"]
[EventRounds "9"]
[EventCountry "LBN"]
[SourceTitle "CBM 180 Extra"]
[Source "ChessBase"]
[SourceDate "2017.10.06"]
[SourceVersion "1"]
[SourceVersionDate "2017.10.06"]
[SourceQuality "1"]
[WhiteTeam "Kfarshima"]
[BlackTeam "Ahli Saida"]
[WhiteTeamCountry "LBN"]
[BlackTeamCountry "LBN"]

1. e4 c5 2. Nf3 d6 3. d4 cxd4 4. Nxd4 a6 5. Bc4 Nf6 6. Nc3 e5 7. Nb3 Be7 8. f3 h5 9. Bg5 Nbd7 10. Qd2 b5 11. Be2 Nb6 12. h4 Be6 13. Na5 Qc7 14. b4 Rc8 15. Nd1 Qxc2 16. Qxc2 Rxc2 17. a3 0-0 18. Ne3 Rc3 19. 0-0 Rfc8 20. Rfd1 d5 21. exd5 Nfxd5 22. Nxd5 Nxd5 23. Bxe7 Nxe7 24. Nb7 Re3 25. Rd2 Bc4 26. Kf2 Rxe2+ 27. Rxe2 Bxe2 28. Kxe2 Nf5 29. Nc5 Nxh4 30. Kf2 Nf5 31. Rd1 f6 32. g4 hxg4 33. fxg4 Nd4 34. Rd2 a5 35. Ke3 axb4 36. axb4 Ra8 37. Ke4 Kf7 38. Rg2 Nc6 39. Rb2 Rd8 40. Nd3 Rd4+ 41. Ke3 Rxg4 42. Kf2 Ke6 43. Nc5+ Kd5 44. Rd2+ Rd4 45. Nd3 f5 46. Rc2 f4 47. Ke2 Nxb4 48. Rc5+ Kd6 49. Rxe5 Nxd3 50. Rxb5 Nc5 51. Rb6+ Ke5 52. Rg6 Ne6 53. Kf3 Rd3+ 54. Ke2 Rg3 55. Rxg3 fxg3 56. Kf3 Kf5 57. Kxg3 Kg5 0-1

[Event "LIB-ch sf"]
[Site "Beirut"]
[Date "2017.03.16"]
[Round "5"]
[White "Habash, Mohamad"]
[Black "Khairallah, Ralph"]
[Result "1/2-1/2"]
[WhiteElo "1847"]
[BlackElo "1770"]
[PlyCount "53"]
[EventDate "2017.03.10"]
[EventType "swiss"]
[EventRounds "9"]
[EventCountry "LBN"]
[SourceTitle "CBM 177 Extra"]
[Source "ChessBase"]
[SourceDate "2017.04.27"]
[SourceVersion "1"]
[SourceVersionDate "2017.04.27"]
[SourceQuality "1"]

1. Nf3 d5 2. d4 Nf6 3. Bf4 c5 4. c3 Nc6 5. h3 Qb6 6. Qb3 c4 7. Qxb6 axb6 8. Na3 Bf5 9. Nh4 Bg6 10. Nxg6 hxg6 11. g4 Nxg4 12. Bg2 Nf6 13. Nb5 Kd7 14. Nc7 Ra5 15. 0-0 e6 16. b4 Ra4 17. Nb5 Be7 18. Rfe1 Nd8 19. Bb8 Ra8 20. Be5 Ra4 21. Bb8 Nc6 22. Bf4 Na7 23. Nxa7 Rxa7 24. a3 Bd6 25. Bc1 Ne4 26. Bxe4 dxe4 27. Kg2 1/2-1/2

[Event "LIB-ch sf"]
[Site "Beirut"]
[Date "2017.03.14"]
[Round "4"]
[White "Ward, Serge"]
[Black "Habash, Mohamad"]
[Result "0-1"]
[WhiteElo "1718"]
[BlackElo "1847"]
[PlyCount "38"]
[EventDate "2017.03.10"]
[EventType "swiss"]
[EventRounds "9"]
[EventCountry "LBN"]
[SourceTitle "CBM 177 Extra"]
[Source "ChessBase"]
[SourceDate "2017.04.27"]
[SourceVersion "1"]
[SourceVersionDate "2017.04.27"]
[SourceQuality "1"]

1. e4 c5 2. Nf3 g6 3. d4 Bg7 4. dxc5 Qa5+ 5. Bd2 Qxc5 6. Nc3 d6 7. Bd3 Nf6 8. Be3 Qh5 9. Nb5 0-0 10. Qd2 Nxe4 11. Qb4 Nc5 12. Nc7 Nxd3+ 13. cxd3 Na6 14. Nxa6 bxa6 15. Rc1 Bg4 16. Nd4 Rab8 17. Qa3 Qd5 18. Nc6 Qxg2 19. Nxb8 Qf3 0-1

[Event "LIB-ch sf"]
[Site "Beirut"]
[Date "2016.10.02"]
[Round "6"]
[White "Farhat, Mohamed"]
[Black "Habash, Mohamad"]
[Result "1/2-1/2"]
[WhiteElo "1792"]
[BlackElo "1883"]
[PlyCount "80"]
[EventDate "2016.09.27"]
[EventType "swiss"]
[EventRounds "6"]
[EventCountry "LBN"]
[SourceTitle "EXT 2018"]
[Source "ChessBase"]
[SourceDate "2017.10.13"]
[SourceVersion "1"]
[SourceVersionDate "2017.10.13"]
[SourceQuality "1"]

1. d4 Nf6 2. c4 e6 3. Nc3 Bb4 4. Bg5 h6 5. Bd2 Qe7 6. e3 d6 7. Nf3 0-0 8. Be2 Nbd7 9. 0-0 Bxc3 10. Bxc3 Ne4 11. Qc2 f5 12. Nd2 Nxc3 13. Qxc3 e5 14. dxe5 dxe5 15. e4 f4 16. b4 Nf6 17. c5 c6 18. f3 Rd8 19. Nc4 Rd4 20. Rfd1 Be6 21. Rxd4 exd4 22. Qxd4 Bxc4 23. Qxc4+ Kh8 24. Rd1 Rd8 25. Qc2 g5 26. Qc3 Kg7 27. Rd6 Re8 28. Bc4 Qe5 29. Qxe5 Rxe5 30. Re6 Nd7 31. Rd6 Nf6 32. Be6 Ne8 33. Rd7+ Kf6 34. Bg4 Re7 35. Rxe7 Kxe7 36. Bc8 b6 37. cxb6 axb6 38. e5 Nc7 39. a4 Nd5 40. b5 c5 1/2-1/2

[Event "LIB-ch sf"]
[Site "Beirut"]
[Date "2016.09.30"]
[Round "4"]
[White "Kaloust, Giorgio"]
[Black "Habash, Mohamad"]
[Result "1/2-1/2"]
[WhiteElo "1542"]
[BlackElo "1883"]
[PlyCount "65"]
[EventDate "2016.09.27"]
[EventType "swiss"]
[EventRounds "6"]
[EventCountry "LBN"]
[SourceTitle "EXT 2018"]
[Source "ChessBase"]
[SourceDate "2017.10.13"]
[SourceVersion "1"]
[SourceVersionDate "2017.10.13"]
[SourceQuality "1"]

1. d4 Nf6 2. c4 e6 3. Nf3 Bb4+ 4. Bd2 Qe7 5. a3 Bxd2+ 6. Nbxd2 d6 7. e3 0-0 8. Be2 Nbd7 9. 0-0 e5 10. Rb1 Re8 11. Re1 Nf8 12. d5 Ng6 13. Qc2 Bd7 14. b4 c6 15. dxc6 Bxc6 16. b5 Bd7 17. Ne4 Nxe4 18. Qxe4 Be6 19. Red1 f5 20. Qc2 Rac8 21. Qa4 b6 22. Qb4 Rc5 23. Nd2 Rd8 24. Nb3 Rc7 25. Rbc1 Rcd7 26. Rd2 Qg5 27. Rcd1 Qe7 28. a4 f4 29. exf4 Nxf4 30. Bf3 Rc7 31. Rc1 Qf7 32. Rxd6 Rxd6 33. Qxd6 1/2-1/2

[Event "LIB-ch sf"]
[Site "Beirut"]
[Date "2016.09.27"]
[Round "1"]
[White "Khoder, Mazen"]
[Black "Habash, Mohamad"]
[Result "0-1"]
[WhiteElo "1178"]
[BlackElo "1883"]
[PlyCount "78"]
[EventDate "2016.09.27"]
[EventType "swiss"]
[EventRounds "6"]
[EventCountry "LBN"]
[SourceTitle "EXT 2018"]
[Source "ChessBase"]
[SourceDate "2017.10.13"]
[SourceVersion "1"]
[SourceVersionDate "2017.10.13"]
[SourceQuality "1"]

1. e4 d6 2. Nf3 g6 3. Nc3 Bg7 4. Bc4 Nf6 5. d3 c6 6. 0-0 0-0 7. Bd2 a5 8. a4 Nbd7 9. Qc1 Ng4 10. h3 Nge5 11. Nxe5 Nxe5 12. Bh6 e6 13. Bxg7 Kxg7 14. Qe3 Nxc4 15. dxc4 e5 16. f4 f5 17. Rad1 Qe7 18. Rd2 Be6 19. Rfd1 Rad8 20. exf5 Rxf5 21. Rf1 Bxc4 22. g4 Rf7 23. Rdf2 Kg8 24. fxe5 Rxf2 25. Rxf2 dxe5 26. Kh2 Bd5 27. Re2 Re8 28. Nxd5 cxd5 29. Qb6 e4 30. Qxa5 Qe5+ 31. Kg2 e3 32. Qb4 Re7 33. a5 d4 34. Qb6 Rf7 35. Qd8+ Kg7 36. Qh4 Qe4+ 37. Kh2 Rf1 38. Rg2 e2 39. Rg1 Rxg1 0-1

[Event "LIB-chT"]
[Site "Beirut"]
[Date "2016.07.26"]
[Round "5.3"]
[White "Habash, Mohamad"]
[Black "Khairallah, Ralph"]
[Result "1/2-1/2"]
[WhiteElo "1833"]
[BlackElo "1731"]
[PlyCount "52"]
[EventDate "2016.07.22"]
[EventType "team-tourn"]
[EventRounds "9"]
[EventCountry "LBN"]
[SourceTitle "EXT 2017"]
[Source "ChessBase"]
[SourceDate "2016.10.25"]
[SourceVersion "1"]
[SourceVersionDate "2016.10.25"]
[SourceQuality "1"]
[WhiteTeam "Ahli Saida"]
[BlackTeam "Freres"]
[WhiteTeamCountry "LBN"]
[BlackTeamCountry "LBN"]

1. d4 e6 2. Nf3 d5 3. Bf4 Nf6 4. e3 c5 5. c3 Nc6 6. Nbd2 cxd4 7. exd4 Bd6 8. Ne5 Qc7 9. Bb5 Bd7 10. Bxc6 Bxc6 11. Ndf3 0-0 12. h3 Ne4 13. Nxc6 bxc6 14. Bxd6 Qxd6 15. 0-0 f6 16. Nd2 Nxd2 17. Qxd2 e5 18. Rad1 e4 19. f3 f5 20. fxe4 fxe4 21. Rxf8+ Rxf8 22. Rf1 Rxf1+ 23. Kxf1 Qg3 24. Qf2 Qd3+ 25. Kg1 Qb1+ 26. Kh2 Qxa2 1/2-1/2

[Event "LIB-chT"]
[Site "Beirut"]
[Date "2016.07.22"]
[Round "1.5"]
[White "Habash, Mohamad"]
[Black "Rashidi, Rabih"]
[Result "1-0"]
[WhiteElo "1833"]
[BlackElo "1843"]
[PlyCount "75"]
[EventDate "2016.07.22"]
[EventType "team-tourn"]
[EventRounds "9"]
[EventCountry "LBN"]
[SourceTitle "EXT 2017"]
[Source "ChessBase"]
[SourceDate "2016.10.25"]
[SourceVersion "1"]
[SourceVersionDate "2016.10.25"]
[SourceQuality "1"]
[WhiteTeam "Ahli Saida"]
[BlackTeam "Tanmiya"]
[WhiteTeamCountry "LBN"]
[BlackTeamCountry "LBN"]

1. e4 c5 2. Nf3 Nc6 3. d4 cxd4 4. Nxd4 e5 5. Nb3 Nf6 6. Nc3 a6 7. Bg5 Be7 8. Be2 b5 9. a3 d6 10. 0-0 Be6 11. Bxf6 Bxf6 12. Nd5 Bxd5 13. Qxd5 Qc7 14. Na5 Rc8 15. Bg4 Nxa5 16. Bxc8 Qxc8 17. Qxd6 Nc4 18. Qb4 Be7 19. Qc3 Qe6 20. b3 Nd6 21. Qc6+ Qd7 22. Qxa6 0-0 23. Rfd1 Qc7 24. a4 bxa4 25. Qxa4 Rc8 26. c4 Nxe4 27. Rd7 Qc5 28. Qa7 Nxf2 29. Rxe7 Nd3+ 30. Qxc5 Nxc5 31. b4 Nd3 32. b5 Kf8 33. Raa7 Rxc4 34. Rxf7+ Ke8 35. b6 e4 36. Rfc7 Rd4 37. Rc8+ Rd8 38. b7 1-0

[Event "Mediterranean-ch 10th"]
[Site "Beirut"]
[Date "2015.10.23"]
[Round "7"]
[White "Habash, Mohamad"]
[Black "Kuntz, Pierre"]
[Result "0-1"]
[WhiteElo "1774"]
[BlackElo "2205"]
[PlyCount "82"]
[EventDate "2015.10.16"]
[EventType "swiss"]
[EventRounds "9"]
[EventCountry "LBN"]
[SourceTitle "EXT 2018"]
[Source "ChessBase"]
[SourceDate "2017.10.13"]
[SourceVersion "1"]
[SourceVersionDate "2017.10.13"]
[SourceQuality "1"]

1. d4 Nf6 2. c4 c5 3. d5 b5 4. Nf3 bxc4 5. Nc3 d6 6. e4 Nbd7 7. Bxc4 g6 8. Bb5 Qc7 9. 0-0 Bg7 10. Nd2 0-0 11. f4 Nb6 12. Bc6 Bb7 13. Bxb7 Qxb7 14. Nf3 Rad8 15. Qe1 e6 16. dxe6 fxe6 17. Ng5 Qd7 18. Qh4 h6 19. Nf3 Nh5 20. Rd1 Qf7 21. e5 Nxf4 22. Bxf4 Qxf4 23. Qxf4 Rxf4 24. exd6 Nc4 25. Na4 Nxb2 26. Nxb2 Bxb2 27. Rab1 Bd4+ 28. Kh1 Rxd6 29. Rb7 Rf7 30. Rb8+ Kg7 31. Re8 Rb7 32. Rf1 Rdb6 33. h4 Rb1 34. Ne1 Rf7 35. Rxf7+ Kxf7 36. Rc8 Rxe1+ 37. Kh2 Ra1 38. Rc7+ Kf6 39. Rxa7 c4 40. Ra4 c3 41. Rxd4 c2 0-1